000 00905nab a2200265 u 4500
001 14324
003 HDC
007 cr bn ---aaaaa
008 210214b2017mmddii d||no |||| 00| 0 eng d
040 _aHDC
100 _aBhatnagar, Aradhana V
_914888
245 0 _aNatural and organic products to be top reckoners in skin care industry
_c/ Aradhana V Bhatnagar
260 _aIndia:
_bIndiaRetailing,
_c2017
300 _a1 online resource
336 _atext
_2rdacontent
337 _acomputer
_2rdamedia
338 _aonline resource
_2rdacarrier
650 _aCosmetics industry
_zIndia
_914889
650 _aHerbal cosmetics
_96174
710 _aIndiaRetailing
856 _zRequest full-text at [email protected]
942 _2lcc
942 _cNEWS
942 _kNWSO 003689
999 _c11640
_d11640